A concise history of classical Sanskrit literature. (Record no. 56803)

MARC details
000 -LEADER
fixed length control field 00682cam a22002291 4500
001 - CONTROL NUMBER
control field sa 64001557
003 - CONTROL NUMBER IDENTIFIER
control field DLC
005 - DATE AND TIME OF LATEST TRANSACTION
control field 20260227112003.0
008 - FIXED-LENGTH DATA ELEMENTS--GENERAL INFORMATION
fixed length control field 830210s1963 ii 000 0 eng
010 ## - LIBRARY OF CONGRESS CONTROL NUMBER
LC control number sa 64001557
025 ## - OVERSEAS ACQUISITION NUMBER
Overseas acquisition number PL480: I-E-2639
035 ## - SYSTEM CONTROL NUMBER
System control number (OCoLC)9211398
040 ## - CATALOGING SOURCE
Original cataloging agency DLC
Transcribing agency ICarbS
Modifying agency DLC
042 ## - AUTHENTICATION CODE
Authentication code premarc
050 00 - LIBRARY OF CONGRESS CALL NUMBER
Classification number PK2903
Item number .G59 1963
100 1# - MAIN ENTRY--PERSONAL NAME
Personal name Gopālaiyaṅgāra, Ve.
245 12 - TITLE STATEMENT
Title A concise history of classical Sanskrit literature.
250 ## - EDITION STATEMENT
Edition statement [3d ed., rev.
260 ## - PUBLICATION, DISTRIBUTION, ETC.
Place of publication, distribution, etc. Kumbakonam, India,
Name of publisher, distributor, etc. Printed at Jemini Print. House]
Date of publication, distribution, etc. 1963.
300 ## - PHYSICAL DESCRIPTION
Extent viii, 263, 7 p.
Other physical details table.
Dimensions 18 cm.
650 #0 - SUBJECT ADDED ENTRY--TOPICAL TERM
Topical term or geographic name entry element Sanskrit literature
General subdivision History and criticism.

No items available.

Powered by Koha